000 nam a22 7a 4500
999 _c8041
_d8041
008 171123b xxu||||| |||| 00| 0 eng d
100 _94490
_aCBSE
245 _aHINDI BOOK SAMPAL PAPER CLASS -X
260 _aNEW DELHI
_bARYA PUBLISHING COMPANY
_c2017